Xuất thế trong cảm quan dân gian

Guardado en:
Detalles Bibliográficos
Autor principal: BÙI BIÊN HÒA
Formato: Libro
Lenguaje:Undetermined
Publicado: VHDT 2002
Etiquetas: Agregar Etiqueta
Sin Etiquetas, Sea el primero en etiquetar este registro!
Thư viện lưu trữ: Trung tâm Học liệu Trường Đại học Cần Thơ
LEADER 00400nam a2200145Ia 4500
001 CTU_49932
008 210402s9999 xx 000 0 und d
082 |a 294.3 
082 |b H401 
100 |a BÙI BIÊN HÒA 
245 0 |a Xuất thế trong cảm quan dân gian 
245 0 |c BÙI BIÊN HÒA 
260 |b VHDT 
260 |c 2002 
980 |a Trung tâm Học liệu Trường Đại học Cần Thơ